Statistics for 10 Highest Mountains In The World

Click here to take the quiz!

General Stats

  • This quiz has been taken 40 times
  • The average score is 6 of 10

Answer Stats

RankHeight in mAnswer% Correct
18484Everest
100%
28611K2
100%
108091Annapurna
59%
38586Kanchenjunga
59%
48516Lhotse
53%
98126Nanga Parbat
47%
58481Makalu
41%
78167Dhaulagiri
35%
88156Manaslu
35%
68201Cho Oyu
29%

Score Distribution

Percentile by Number Answered

Percent of People with Each Score

Your Score History

You have not taken this quiz